| 000 | 00409nam a2200157Ia 4500 | ||
|---|---|---|---|
| 008 | 210716s2000 xx 000 0 und d | ||
| 020 | _a9789339203467 | ||
| 041 | _aeng | ||
| 082 | _a346.07 TULP | ||
| 100 | _aTulsian P C;Tulsian, Bharat. | ||
| 245 | _aBusiness law. | ||
| 250 | _a2 | ||
| 260 |
_aNew Delhi _bTata McGraw Hill Publishing Company _c2000 |
||
| 300 | _a18.26,viii.14 | ||
| 650 | _aBusiness Law | ||
| 999 |
_c203300 _d203300 |
||